| 000 | 00469nam a2200133Ia 4500 | ||
|---|---|---|---|
| 008 | 171207s9999 xx 000 0 und d | ||
| 100 | _aMalone, Amelia S. | ||
| 245 | _aError Patterns in Ordering Fractions Among At-Risk Fourth-Grade Students | ||
| 245 | _cAmelia S. Malone, Lynn S. Fuchs | ||
| 260 | _c2017 | ||
| 300 | _apages 337–352, May/June 2017 | ||
| 440 |
_aJournal of Learning Disabilities _v50:3 |
||
| 650 | _aELEMENTARY AGE, AT RISK/PREVENTION, MATHEMATICS | ||
| 999 |
_c347469 _d347469 |
||